Application of Graduates in the Slovak Labour Market

Zametnanosť a zamestnateľlnosť absolventov vysokých škôl na slovensku na základe výskumu.

Na minha lista:
Detalhes bibliográficos
Autor principal: Stričík, Michal, 1969-
Outros Autores: Bačová, Monika
Formato: Capítulo de Livro
Idioma:inglês
Assuntos:
Tags: Adicionar Tag
Sem tags, seja o primeiro a adicionar uma tag!

MARC

LEADER 00000naa$a2200000$$$4500
001 0241845
005 20240502073933.7
041 0 |a eng 
044 |a SK 
245 1 0 |a Application of Graduates in the Slovak Labour Market  |c Michal Stričík, Monika Bačová 
520 |a Zametnanosť a zamestnateľlnosť absolventov vysokých škôl na slovensku na základe výskumu. 
610 2 0 |a absolventi 
610 2 0 |a Slovensko 
610 2 0 |a nezamestnanosť 
610 2 0 |a zamestnanosť 
610 2 0 |a zamestnateľnosť 
610 2 0 |a sily pracovné 
610 2 0 |a trh práce primárny 
100 1 |a Stričík, Michal, 1969- 
700 1 |a Bačová, Monika